[Event "Dublin Weekday op"]
[Site "Dublin"]
[Date "2022.07.08"]
[Round "5"]
[White "McAree, James"]
[Black "Williams, Henry J"]
[Result "1-0"]
[WhiteElo "1581"]
[BlackElo "886"]
[PlyCount "70"]
[EventDate "2022.07.04"]
[EventType "swiss"]
[EventRounds "5"]
[EventCountry "IRL"]
[SourceTitle "EXT 2023"]
[Source "ChessBase"]
[SourceDate "2022.10.05"]
[SourceVersion "1"]
[SourceVersionDate "2022.10.05"]
[SourceQuality "1"]

1. e4 c5 2. d4 cxd4 3. c3 Nf6 4. e5 Nd5 5. cxd4 e6 6. Nf3 Nc6 7. Bc4 Nb6 8. Bb3 d6 9. Qe2 dxe5 10. dxe5 Bb4+ 11. Nc3 Bxc3+ 12. bxc3 0-0 13. 0-0 Qc7 14. Ba3 Rd8 15. Bd6 Qd7 16. Rad1 Ne7 17. c4 Qe8 18. Bc2 Bd7 19. Ng5 h6 20. Ne4 Ng6 21. f4 Bc6 22. f5 exf5 23. Rxf5 Qe6 24. c5 Nd5 25. Rdf1 Rd7 26. Bb3 Qe8 27. Qd2 Ndf4 28. R1xf4 Nxf4 29. Qxf4 b6 30. e6 fxe6 31. Rf8+ Qxf8 32. Bxf8 Rxf8 33. Bxe6+ Rdf7 34. Nd6 Be8 35. Nxe8 Rxe8 1-0

[Event "Dublin Weekday op"]
[Site "Dublin"]
[Date "2022.07.05"]
[Round "2"]
[White "Dimitrov, Nikolai"]
[Black "McAree, James"]
[Result "0-1"]
[WhiteElo "1463"]
[BlackElo "1581"]
[PlyCount "80"]
[EventDate "2022.07.04"]
[EventType "swiss"]
[EventRounds "5"]
[EventCountry "IRL"]
[SourceTitle "EXT 2023"]
[Source "ChessBase"]
[SourceDate "2022.10.05"]
[SourceVersion "1"]
[SourceVersionDate "2022.10.05"]
[SourceQuality "1"]

1. e4 c6 2. Nc3 d5 3. d4 dxe4 4. Nxe4 Nf6 5. Bd3 Qxd4 6. Be3 Qd8 7. Ne2 Bg4 8. f3 Bh5 9. Ng5 e6 10. Nf4 Qa5+ 11. Bd2 Qxg5 12. Qe2 Bd6 13. Nxe6 Qe5 14. Nxg7+ Kd8 15. Qxe5 Bxe5 16. Nxh5 Nxh5 17. 0-0-0 Nd7 18. g3 Nhf6 19. Bc4 Nd5 20. Rhe1 Re8 21. Re4 N7f6 22. Rh4 Kc7 23. Bg5 Rad8 24. f4 Ne3 25. Rxd8 Rxd8 26. Bd3 Bd4 27. Bxf6 Bxf6 28. Rxh7 Rd7 29. b3 Bc3 30. h3 f6 31. Rxd7+ Kxd7 32. f5 Kd6 33. Be2 Ke5 34. g4 Kf4 35. a3 Kg3 36. b4 Kxh3 37. b5 Nxg4 38. Bf3 Ne5 39. a4 Nxf3 40. bxc6 Ne5 0-1